000 00763nam a22002177a 4500
003 0
005 20260205154655.0
008 260205b xxu||||| |||| 00| 0 eng d
020 _a978-1-5107-4428-8
050 _aM 629.892
_bMar298 2019
082 _aM 629.892
_bMar298 2019
100 _aLapeira, Raul
245 _aThe Maker's guide to building robots :
_beverything you need to know to build your own from scratch /
_cRaul Lapeira and Andreu Marsal.
260 _aNew York, NY :
_bSky Pony Press,
_c2018.
300 _av, 161 pages :
_billustrations ;
_c22 cm.
650 _aRobots
_vJuvenile literature.
650 _aRobots
_vConstruction.
650 _aEngineering projects
_vJuvenile literature.
700 _aMarsal, Andreu,
_eauthor.
942 _2ddc
_cBK
999 _c368828
_d368828